DESIGN, FABRICATION AND OPTICAL PROPERTIES OF MICROSTRUCTURE OPTICAL FIBER

Bibliographic Details
Main Authors: Pudiš, Dušan, 1974- (Author), Martinček, Ivan (Author), Doupovec, Juraj (Author)
Format: Article
Language:English
ISBN:9788080707095

MARC

LEADER 00000naa a2200000uu 4500
001 vtls010930525
003 SK-MaSNL
005 20260302144553.0
008 210824|2007 xo |||||||||||||||||eng|
015 |a SNBRA 
035 |a (urnnbn)urn:nbn:sk:snk:ar-a0b3f0 
035 |a (uuid)040eed46-6a22-43b4-8a76-eff0708dfa40 
035 |a urn:nbn:sk:snk-aatvxd 
040 |a SNKBUCL  |b slo  |c SNKBUCL  |e AACR2 
041 0 |a eng 
044 |a xo  |c SK 
100 1 |a Pudiš, Dušan,  |d 1974-  |4 aut  |9 336310 
245 1 0 |a DESIGN, FABRICATION AND OPTICAL PROPERTIES OF MICROSTRUCTURE OPTICAL FIBER  |c Dušan Pudiš, Ivan Martinček, Juraj Doupovec 
700 1 |a Martinček, Ivan  |4 aut  |9 316388 
700 1 |a Doupovec, Juraj  |4 aut  |9 5815 
773 0 |t Proceedings of the 13th International Conference on Applied Physics of Condensed Matter  |d Žilina : Žilinská univerzita, 2007  |g S. 84-87  |z 9788080707095 
958 |a OND 
958 |a article11 
958 |a chapter 
999 |c 1349913  |d 1351843